|
|
|
|
| LEADER |
00000nam0a2200000 4500 |
| 001 |
25739 |
| 005 |
20231101205706.0 |
| 010 |
|
|
|a 5857910226
|
| 035 |
|
|
|a (RuTPU)RU\TPU\book\25976
|
| 035 |
|
|
|a BOOK00026051
|
| 090 |
|
|
|a 25739
|
| 100 |
|
|
|a 20011209d1997 m y0rusy50 ca
|
| 101 |
0 |
|
|a rus
|
| 102 |
|
|
|a RU
|
| 105 |
|
|
|a а z 001zb
|
| 200 |
1 |
|
|a Архип Иванович Куинджи
|e Биография-характеристика
|f М. П. Неведомский
|
| 210 |
|
|
|a Москва
|c Сварог и К
|d 1997
|
| 215 |
|
|
|a 366 с.
|c ил.
|
| 225 |
1 |
|
|a След в истории
|
| 300 |
|
|
|a На обл. авт. не указаны.
|
| 320 |
|
|
|a В прил.: Перечень произведений А.И. Куинджи, Список цв. ил.
|
| 330 |
|
|
|a Книга М. П. Неведомского и И. Е. Репина, современников А. И. Куинджи, печатается с издания Общества им. А. И. Куинджи 1913 года, в полном объеме, с черно-белыми иллюстрациями по тексту и цветными иллюстрациями в отдельных тетрадях.
|
| 423 |
|
|
|t Архип Иванович Куинджи, как художник
|f И. Е. Репин
|a Репин, Илья Ефимович
|
| 464 |
|
|
|t Два эпизода из жизни Архипа Ивановича
|f авт. предисл. И. Владимиров
|
| 600 |
|
1 |
|a Куинджи
|b А. И.
|c российский живописец
|c передвижник
|f 1841 - 1910
|g Архип Иванович
|2 stltpush
|3 (RuTPU)RU\TPU\pers\13396
|9 4051
|
| 610 |
1 |
|
|a искусство
|
| 610 |
1 |
|
|a живопись
|
| 610 |
1 |
|
|a русская живопись
|
| 610 |
1 |
|
|a 19 век
|
| 675 |
|
|
|a 75.071(092)Куинджи,А.И.
|v 3
|
| 700 |
|
1 |
|a Неведомский
|b М. П.
|g Михаил Петрович
|
| 801 |
|
0 |
|a RU
|b 63413507
|c 20011209
|g PSBO
|
| 801 |
|
2 |
|a RU
|b 63413507
|c 20090212
|g PSBO
|
| 942 |
|
|
|c BK
|